| 000 | 00408nam a22001697a 4500 | ||
|---|---|---|---|
| 003 | SGT | ||
| 005 | 20260525145718.0 | ||
| 020 | _a9781493947270 | ||
| 082 |
_a615.321 _bI14G |
||
| 100 | _aGURAV, SHAILENDRA.S,ed. | ||
| 245 | _aINDIAN HERBAL DRUG MICROSCOPY | ||
| 260 |
_aNEW YORK _bSPRINGER _c2014 |
||
| 300 | _a207 | ||
| 650 | _aHERBAL DRUG | ||
| 653 | _aINDIAN, HERBAL, DRUG, MICROSCOPY | ||
| 942 |
_2ddc _cBK |
||
| 999 |
_c34891 _d34891 |
||